000 00481nmm a2200169Ia 4500
008 251105s9999||||xx |||||||||||||||||und||
041 _aspa
100 _aPalcual Pape, Ana Sofía
245 0 _aMarea viva
264 _a[Madrid, España] :
_bEdiciones B,
_c2014
300 _a455 páginas
650 _aThriller & Suspense
700 _aPalcual Pape, Ana Sofía
700 1 _a Borjlind, Cilla y Rolf
856 _uhttps://public.digitaliapublishing.com/a/53960
942 _cCF
999 _c69689
_d69689